书目信息 |
| 题名: |
比较现代化
|
|
| 作者: | 西里尔.E.布莱克 ;杨豫 陈祖洲 译 | |
| 分册: | ||
| 出版信息: | 上海译文出版社 |
|
| 页数: | 625 | |
| 开本: | 20cm | |
| 丛书名: | ||
| 单 册: | ||
| 中图分类: | C1 | |
| 科图分类: | ||
| 主题词: | 社会科学--现状 , 社会科学--概况 | |
| 电子资源: | ||
| ISBN: | 7-5327-1386-5 | |
| 000 | 00646nam0 2200205 450 | |
| 001 | 0760515518 | |
| 005 | 20070817164835.51 | |
| 010 | @a7-5327-1386-5@d¥34.70 | |
| 100 | @a20070817d km y0chiy0120 ea | |
| 101 | 0 | @achi |
| 200 | 1 | @a比较现代化@Abi jiao xian dai hua@f(美)西里尔.E.布莱克@F(mei)xi li er.E.bu lai ke@g杨豫 陈祖洲译@Gyang yu chen zu zhou yi |
| 210 | @c上海译文出版社 | |
| 215 | @a625@d20cm | |
| 606 | 0 | @a社会科学@x现状 |
| 606 | 0 | @a社会科学@x概况 |
| 690 | @aC1@v3 | |
| 701 | 0 | @a西里尔.E.布莱克@Axi li er.E.bu lai ke |
| 702 | 0 | @a杨豫 陈祖洲@Ayang yu chen zu zhou@4译 |
| 801 | 0 | @aCN@bPFT@c20070817 |
| 905 | @a213230@dC1@eg1@f1 | |
| 比较现代化/(美)西里尔.E.布莱克/杨豫 陈祖洲译.-上海译文出版社 |
| 625;20cm |
| ISBN 7-5327-1386-5:¥34.70 |
| ● |
| 相关链接 |
|
|
|
|
正题名:比较现代化
索取号:C1/g1
 
预约/预借
| 序号 | 登录号 | 条形码 | 馆藏地/架位号 | 状态 | 备注 |
| 1 | 6501014 | 265010141 | 密集书库-海洋学院/ [索取号:C1/g1] | 在馆 |